000 00937nmc a2200313 a 4500
003 AR-BaBNM
005 20251128210007.0
008 098119s1995 ||||||||||||||000 | spa||
020 _a84-277-1134-4
040 _cAR-BaBNM
100 1 _aMiguel Badesa, Sara de
245 1 0 _aPerfil del animador sociocultural
250 _a1ª ed.
260 _aMadrid
_bNarcea
_c1995
300 0 _a211 p.
_bgráfs., tablas
490 0 _aNarcea sociocultural
500 0 _aindice de temas p. 209-211
504 _aBibliografía p. 201-2065indice de nombres p. 207-208
650 4 _aTRABAJADORES SOCIALES
650 4 _aTRABAJO SOCIAL
650 4 _aANIMADORES DE LA COMUNIDAD
650 4 _aANIMADORES DE GRUPOS DE ADULTOS
650 4 _aCOMPORTAMIENTO
653 0 _aEDUCACION POPULAR
700 1 _aQuintana Cabanas, José María
_eprologuista
800 1 _aQuintana Cabanas, José María
_edirector
942 _cBK
998 _cCarmen
999 _c13629
_d13629